000 00804nam a22001937a 4500
003 OSt
005 20260321144554.0
008 260321b |||||||| |||| 00| 0 eng d
040 _c0
082 _aDPer 372.21 C437 January-December 2024 v.100 n.1-6
100 _aHammonds, Virgel.
_eauthor.
_970056
245 _aBeacons of Innovation :
_bLearning From Other Countries About What Schools Can Be /
_cVirgel Hammonds and Derek Wenmoth
260 _aWashington D.C., USA
_bRoutledge Taylor & Francis Group
_cNovember-December 2024
300 _aVolume 100, Pages 6-11 ;
_billustration :
_c27cm.
500 _aChildhood Education Innovations, Vol.100, No. 6, Pages 6-11, November-December 2024
700 _aHammonds, Virgel.
_eauthor.
_970056
700 _aWenmoth, Derek.
_eauthor.
_970057
942 _2ddc
_cPER
999 _c24446
_d24446